<?xml version="1.0" encoding="UTF-8"?>
<collection xmlns="http://www.loc.gov/MARC21/slim">
 <record>
  <leader>01479nam a22002535a 4500</leader>
  <controlfield tag="001">CEM.cems009708</controlfield>
  <controlfield tag="005">20080721130849.0</controlfield>
  <controlfield tag="008">130507s1997##################000#0#####d</controlfield>
  <controlfield tag="003">CEMS</controlfield>
  <datafield tag="020" ind1=" " ind2=" ">
   <subfield code="a">950025817X</subfield>
  </datafield>
  <datafield tag="082" ind1="0" ind2="4">
   <subfield code="a">371.1</subfield>
  </datafield>
  <datafield tag="100" ind1="1" ind2=" ">
   <subfield code="a">Gil, Beatriz Elcira</subfield>
  </datafield>
  <datafield tag="245" ind1="1" ind2="0">
   <subfield code="a">El secretario de hoy en una escuela bien pensada /</subfield>
   <subfield code="c">Beatriz Elcira Gil, Norma Mabel Tringaniello</subfield>
  </datafield>
  <datafield tag="250" ind1=" " ind2=" ">
   <subfield code="a">2a. ed.</subfield>
  </datafield>
  <datafield tag="260" ind1=" " ind2=" ">
   <subfield code="a">Buenos Aires :</subfield>
   <subfield code="b">El Ateneo,</subfield>
   <subfield code="c">1997</subfield>
  </datafield>
  <datafield tag="300" ind1=" " ind2=" ">
   <subfield code="a">133 p.</subfield>
  </datafield>
  <datafield tag="490" ind1="0" ind2=" ">
   <subfield code="a">Nuevos Aires en Educación</subfield>
  </datafield>
  <datafield tag="505" ind1="0" ind2=" ">
   <subfield code="a">La escuela como organización bien pensada: un desafío de hoy -- La administración y la organización administrativa, aspectos fundamentales para la organización escolar -- Actos y procedimientos administrativos como garantía de legitimidad -- Normas jurídicas como garantía de derecho -- Comunicación e información. Una alianza vital en la organización -- Formas y formalidades de la comunicación escrita -- La organización de un banco de datos e informaciones. Una propuesta operativa -- El archivo como práctica administrativa esencial -- Los bienes de la escuela&gt; el patrimonio del Estado. Un compromiso para todos -- El secretario como un animador más de la gestión pedagógica</subfield>
  </datafield>
  <datafield tag="653" ind1=" " ind2=" ">
   <subfield code="a">Educación</subfield>
  </datafield>
  <datafield tag="653" ind1=" " ind2=" ">
   <subfield code="a">Administración escolar</subfield>
  </datafield>
  <datafield tag="653" ind1=" " ind2=" ">
   <subfield code="a">Archivos-administración</subfield>
  </datafield>
  <datafield tag="653" ind1=" " ind2=" ">
   <subfield code="a">Secretario administrativo-educación</subfield>
  </datafield>
  <datafield tag="700" ind1="1" ind2=" ">
   <subfield code="a">Tringaniello, Norma Mabel</subfield>
  </datafield>
  <datafield tag="859" ind1=" " ind2=" ">
   <subfield code="a">CEMS</subfield>
   <subfield code="b">BIB. CEMS - 11 de abril</subfield>
   <subfield code="h">371.1</subfield>
   <subfield code="i">G37</subfield>
   <subfield code="p">19938.98</subfield>
   <subfield code="t">Ej.1</subfield>
  </datafield>
 </record>
</collection>
